LEADER 00812nam a2200229 i 4500 001 000000067437 003 CaOOAMICUS 005 20120710000000.0 008 120710s1980 it u000 u ita u 013 $a38609 040 $aSeMil$bita 100 1 $aDavanzo, Guido.$0(OLS)http://semarc/name/19623 245 13$aUn'etica a difesa della vita /$cGuido Davanzo. 250 $a2. ed. 260 $aMilano :$bÀncora,$ccopyr. 1980. 300 $a222 p. ;$c21 cm. 650 4$aEtica - Studi.$0(OLS)http://semarc/subject/4118 850 $aSeMil 852 $aSeMil$W1$xVenegono$y1$m2E III 295$j33590$B33590$CSeMilBibl$Z2$F33593 $81 961 $aOmaggio: Donazione 996 $6245$aUn'etica a difesa della vita$9(OLS)http://semarc/title/107475 996 $6260$aMilano :$bÀncora$9(OLS)http://semarc/publisher/29763 LEADER 01266nam a2200301 i 4500 001 000000077291 003 CaOOAMICUS 005 20230308161035.0 008 050221s2000 it u000 u mul u 020 $a88-04-47661-3 040 $aSeMil$bita 245 00$aInni orfici /$ca cura di Gabriella Ricciardelli. 264 1$a[Milano] :$bFondazione Lorenzo Valla,$c2000. 264 1$a[Milano] :$bArnoldo Mondadori Editore,$c2000. 300 $aLXXVIII, 552 p., 4 p. di tav. :$bill. ;$c21 cm. 490 1 $aScrittori greci e latini 546 $aTesto greco a fronte 650 4$aOrfismo - Testi.$0(OLS)http://semarc/subject/15099 700 1 $aRicciardelli, Gabriella.$0(OLS)http://semarc/name/38020 830 0$aScrittori greci e latini.$0(OLS)http://semarc/title/137 850 $aSeMil 852 $aSeMil$W1$xVenegono$y1$m1ZA A 28$j238287$B43443$CSeMilBibl$Z2$F43194 $81 961 $aAcquisto: Mescat 996 $6020$a88-04-47661-3$9(OLS)http://semarc/number/58855 996 $6245$aInni orfici$9(OLS)http://semarc/title/125475 996 $6264$a[Milano] :$bArnoldo Mondadori Editore$9(OLS)http://semarc/publisher/29634 996 $6264$a[Milano] :$bFondazione Lorenzo Valla$9(OLS)http://semarc/publisher/29633